000
00331nam a22001337a 4500
008
170721b xxu||||| |||| 00| 0 eng d
020
_a
9780071744317
041
_a
eng
080
_a
004
100
_a
28
101
_a
SHKI
245
_a
ORACLE DATABASE ADMINISTRATION FOR MICROSOFT SQL SERVER DBAS
_c
MALCHER, M
942
_2
udc
_c
BK
999
_c
21718
_d
21718